000 01500nam0a2200397 4500
001 RU\NLR\bibl\1293864
005 20250615144958.0
010 _a978-5-18-000965-4
_915000
021 _aRU
_b2008-72226
_94140
021 _aRU
_b2009-107591
_96865
021 _aRU
_b2011-23987
_91700
021 _aRU
_b2012-69267
_95084
035 _a(nilc)EL/0000178580
035 _aRU\NLR\bibl\1067896
035 _a(NLR Aleph) 001279514
090 _a490031
_c490031
100 _a20080311d2008 |||y0rusy50 ca
101 1 _arus
_cfre
102 _aRU
105 _aa |||||||||
200 1 _aГеографические открытия
_e[для детей среднего школьного возраста
_fСильвия Дерэм
_gпер. с фр. Ирины Петровской]
210 _aМосква
_cМахаон
_d2008
215 _a125 с.
_cцв. ил., карты
_d25
225 1 _aДетская энциклопедия "Махаон"
606 1 _aГеографические открытия
_jЭнциклопедии для детей
_91357403
_3RU\NLR\auth\66253034
686 _a26.8я2
_vLBC/PL
_2rubbk
686 _aШ9
_bД8г
702 1 _4570
_7ca
_8rus
_aДерэм
_bС.
_gСильви
_9235164
_3RU\NLR\AUTH\770235220
801 0 _aRU
_bНБР Саха
_c20080311
_grcr
801 1 _aRU
_bНБР Саха
_c20080311
801 2 _aRU
_bNLR
_c20081112
_grcr
942 _cBOOK
980 _aNB